প্রাচীন পদাবলী/ (Record no. 1551916)

MARC details
000 -LEADER
fixed length control field 00961nam a2200313 a 4500
001 - CONTROL NUMBER
control field vtls001390882
003 - CONTROL NUMBER IDENTIFIER
control field NLI
005 - DATE AND TIME OF LATEST TRANSACTION
control field 20220906113136.0
008 - FIXED-LENGTH DATA ELEMENTS--GENERAL INFORMATION
fixed length control field 120921s2010 ii g 000 p ben d
020 ## - INTERNATIONAL STANDARD BOOK NUMBER
Price ₹120.00
040 ## - CATALOGING SOURCE
Original cataloging agency NLI
Language of cataloging ben
Transcribing agency Bengali Division
041 0# - LANGUAGE CODE
Language code of text/sound track or separate title ben
044 ## - COUNTRY OF PUBLISHING/PRODUCING ENTITY CODE
MARC country code ii
082 04 - DEWEY DECIMAL CLASSIFICATION NUMBER
Classification number 891.441
Edition number 22
Book number G 3645 pr
100 1# - MAIN ENTRY--PERSONAL NAME
Linkage 880-01
Personal name গঙ্গোপাধ্যায়, রবি
9 (RLIN) 691118
245 10 - TITLE STATEMENT
Linkage 880-02
Title প্রাচীন পদাবলী/
Statement of responsibility, etc. রবি গঙ্গোপাধ্যায়
260 ## - PUBLICATION, DISTRIBUTION, ETC.
Place of publication, distribution, etc. কলকাতা :
Name of publisher, distributor, etc. কালপ্রতিমা ,
Date of publication, distribution, etc. 2010.
300 ## - PHYSICAL DESCRIPTION
Extent 96 p.
Dimensions ; 23 cm
650 #0 - SUBJECT ADDED ENTRY--TOPICAL TERM
Topical term or geographic name entry element Bengali poetry
700 1# - ADDED ENTRY--PERSONAL NAME
Linkage 880-03
710 ## - ADDED ENTRY--CORPORATE NAME
Linkage 880-04
852 ## - LOCATION
Location BB
880 1# - ALTERNATE GRAPHIC REPRESENTATION
Linkage 100-01(B
a Gaṅgopādhyāy, Rabi
880 10 - ALTERNATE GRAPHIC REPRESENTATION
Linkage 245-02(B
a Prācīn padābalī/
c Rabi Gaṅgopādhyāy
880 1# - ALTERNATE GRAPHIC REPRESENTATION
Linkage 700-03(B
880 1# - ALTERNATE GRAPHIC REPRESENTATION
Linkage 700-04(B
887 ## - NON-MARC INFORMATION FIELD
Data Entry Operator Name / Verifier Name Ardhendu Kunkri
942 ## - ADDED ENTRY ELEMENTS (KOHA)
Source of classification or shelving scheme Dewey Decimal Classification
Koha item type Books
Holdings
Date last seen Total Checkouts Full call number Barcode Price effective from Koha item type Lost status Source of classification or shelving scheme Damaged status Not for loan Collection code Withdrawn status Home library Current library Shelving location Date acquired Source of acquisition
06/09/2022   B 891.441 G 3645 pr DBA000078509BEN 06/09/2022 Books   Dewey Decimal Classification     Bengali   National Library of India National Library of India Bengali - Books - Main Stack Division 30/08/2011 DB Act
                                                                           
web counter

Copyright ©2020 The National Library of India, Govt. of India ↔ Hosted by NVLI, MOC ↔ Technology and Design by National Library of India, Ministry of Culture, Govt. of India